Pays d'océanie Mort subite - Statistiques

Statistiques générales
  • Ce quiz a été pris 693 fois
    641 depuis la dernière actualisation
  • Le résultat moyen est 12 sur 14
Answers on the Grid
Answers color-coded by a green-red scale on the quiz's grid according to % correct below.
Benin
Tuvalu
laos
Ukraine
Kiribati
Nauru
Rwanda
Sao Tomé et principe
Portugal
Ile marshalls
Palaos
Indonesie
Micronésie
Fidji
Nouvelle zélande
Sri lanka
Australie
Papouasie nouvelle guinée
Hongrie
Albanie
Brésil
Tonga
Samoa
Azerbaidjan
Iles salomon
Vanuatu
Afghanistan
 
Statistiques - réponses
Réponse % Correct
Tuvalu
94%
Nauru
89%
Fidji
88%
Australie
87%
Ile marshalls
87%
Kiribati
87%
Nouvelle zélande
87%
Iles salomon
86%
Vanuatu
86%
Palaos
85%
Papouasie nouvelle guinée
84%
Samoa
84%
Tonga
83%
Micronésie
82%
Aucun quiz correspondant
Distribution des résultats
% des personnes avec chaque résultat
Percentile par nombre de réponses
Votre historique - résultats
Vous n’avez pas pris ce quiz depuis la dernière actualisation